Великая победа Советского Союза (Запись № 6934954)
[ простой вид ]
| 000 -МАРКЕР | |
|---|---|
| контрольное поле | 01244nam0a22003011 4500 |
| 001 - ИДЕНТИФИКАТОР ЗАПИСИ | |
| контрольное поле | rc\3623860 |
| 005 - ИДЕНТИФИКАТОР ВЕРСИИ | |
| контрольное поле | 20260409070240.0 |
| 021 ## - НОМЕР ГОСУДАРСТВЕННОЙ РЕГИСТРАЦИИ | |
| Код страны | российская федерация |
| Номер | Рг8750-74 |
| 021 ## - НОМЕР ГОСУДАРСТВЕННОЙ РЕГИСТРАЦИИ | |
| Код страны | российская федерация |
| Номер | 74-59071 |
| 035 ## - ДРУГИЕ СИСТЕМНЫЕ НОМЕРА | |
| Идентификатор записи | (NLR Aleph) 007719440 |
| 100 ## - ДАННЫЕ ОБЩЕЙ ОБРАБОТКИ | |
| Данные общей обработки | 20130115d1974 |||y0rusy50 ca |
| 101 0# - ЯЗЫК РЕСУРСА | |
| Язык текста, звукозаписи и т.д. | русский |
| 102 ## - СТРАНА ПУБЛИКАЦИИ ИЛИ ПРОИЗВОДСТВА | |
| Страна публикации | российская федерация |
| 105 ## - ПОЛЕ КОДИРОВАННЫХ ДАННЫХ: ТЕКСТОВЫЕ МАТЕРИАЛЫ, МОНОГРАФИЧЕСКИЕ | |
| Кодированные данные о монографическом текстовом документе | y z ||||| |
| 200 1# - ЗАГЛАВИЕ И СВЕДЕНИЯ ОБ ОТВЕТСТВЕННОСТИ | |
| Основное заглавие | Великая победа Советского Союза |
| Сведения, относящиеся к заглавию | (К 30-летию изгнания немецко-фашистских захватчиков из пределов Сов. Союза |
| -- | Материал в помощь лектору) |
| Первые сведения об ответственности | Правл. о-ва "Знание" БССР. Науч.-метод. совет по пропаганде воен. знаний |
| 210 ## - ПУБЛИКАЦИЯ, РАСПРОСТРАНЕНИЕ И ДР. | |
| Место издания, распространения и т.д. | Минск |
| Имя издателя, распространителя и т. д. | Б. и. |
| Дата издания, распространения и т.д. | 1974 |
| 215 ## - ФИЗИЧЕСКАЯ ХАРАКТЕРИСТИКА | |
| Специфическое обозначение материала и объем | [2], 18 с. |
| Размеры | 20 |
| 320 ## - ПРИМЕЧАНИЯ О НАЛИЧИИ В ДОКУМЕНТЕ БИБЛИОГРАФИИ / УКАЗАТЕЛЯ | |
| Текст примечания | Библиогр.: с. 17- 18 |
| 606 ## - НАИМЕНОВАНИЕ ТЕМЫ КАК ПРЕДМЕТ | |
| Наименование темы | Великая Отечественная война |
| Хронологический подзаголовок | 1941 - 1945 |
| Тематический подзаголовок | Годовщины |
| Идентификатор авторитетной/нормативной записи | RU\NLR\AUTH\66187542 |
| Системный номер авторитетной/нормативной записи | 1237240 |
| 686 1# - ИНДЕКСЫ ДРУГИХ КЛАССИФИКАЦИЙ | |
| Индекс | Ц35(2)722,021.2 |
| 700 #1 - ИМЯ ЛИЦА - ПЕРВИЧНАЯ ОТВЕТСТВЕННОСТЬ | |
| Начальный элемент ввода | Мартьянов |
| Часть имени, кроме начального элемента ввода | К.П. |
| Расширение инициалов личного имени | Кирилл Петрович |
| 801 #0 - ИСТОЧНИК ЗАПИСИ | |
| Страна | российская федерация |
| Организация | NLR |
| Правила каталогизации | psbo |
| 801 #1 - ИСТОЧНИК ЗАПИСИ | |
| Страна | российская федерация |
| Организация | ELAR |
| Источник данных | rusmarc |
| 852 ## - МЕСТОНАХОЖДЕНИЕ И ШИФР ХРАНЕНИЯ | |
| Идентификатор организации | NLR |
| Шифр хранения (Call Number) | 74-4/11201 |
| 942 ## - ДОПОЛНИТЕЛЬНЫЕ ЭЛЕМЕНТЫ ЗАПИСИ (АБИС) | |
| Тип экземпляра АБИС | Книга |
| 980 ## - КОЛЛЕКЦИЯ | |
| Название коллекции | Национальная библиография |
| Тип экземпляра | Дата поступления | Библиотека постоянного хранения | Библиотека текущего хранения | Место хранения | Шифр хранения | Штрих-код | Статус не для выдачи |
|---|---|---|---|---|---|---|---|
| Книга | 26.10.2013 | РНБ (Московский) | РНБ (Московский) | Русский книжный фонд: издания с 1957 года, 9этаж, Хран. | 74-4/11201 | 7719440-10 |